[Event "Maotai Prince Cup Queens"]
[White "Xu, Yuhua"]
[Black "Huang, Qian"]
[Site "Jinzhou"]
[Round "7"]
[Result "0-1"]
[Date "2009.09.24"]
[WhiteElo "2485"]
[BlackElo "2424"]
[PlyCount "68"]
[EventDate "2009.09.17"]
[EventType "tourn"]
[EventRounds "7"]
[EventCountry "CHN"]
[EventCategory "10"]
[SourceTitle "CBM 132 Extra"]
[Source "ChessBase"]
[SourceDate "2009.11.03"]
[SourceVersion "1"]
[SourceVersionDate "2009.11.03"]
[SourceQuality "1"]

1. e4 c5 2. Nf3 d6 3. Bb5+ Nc6 4. 0-0 Bd7 5. Re1 Nf6 6. c3 a6 7. Ba4 c4 8. Bc2 Rc8 9. h3 e6 10. b3 b5 11. Qe2 Ne5 12. Nd4 Be7 13. a4 0-0 14. axb5 axb5 15. f4 Ng6 16. d3 e5 17. Nf5 cxd3 18. Bxd3 exf4 19. Bxb5 Qb6+ 20. Nd4 Rxc3 21. Nxc3 Qxd4+ 22. Qf2 Qxc3 23. Bb2 Qxb3 24. Bxf6 Bxf6 25. Bxd7 Bxa1 26. Rxa1 Ne5 27. Bg4 Nxg4 28. hxg4 g5 29. Qd4 Qe6 30. Ra5 h6 31. Rd5 Qxg4 32. Rxd6 f3 33. Qf2 Qxg2+ 34. Qxg2 fxg2 0-1

[Event "Maotai Prince Cup Queens"]
[White "Hou, Yifan"]
[Black "Xu, Yuhua"]
[Site "Jinzhou"]
[Round "6"]
[Result "1-0"]
[Date "2009.09.23"]
[WhiteElo "2585"]
[BlackElo "2485"]
[PlyCount "123"]
[EventDate "2009.09.17"]
[EventType "tourn"]
[EventRounds "7"]
[EventCountry "CHN"]
[EventCategory "10"]
[SourceTitle "CBM 132 Extra"]
[Source "ChessBase"]
[SourceDate "2009.11.03"]
[SourceVersion "1"]
[SourceVersionDate "2009.11.03"]
[SourceQuality "1"]

1. e4 e6 2. d4 d5 3. Nc3 Nf6 4. Bg5 dxe4 5. Nxe4 Nbd7 6. Nf3 h6 7. Bh4 c5 8. Nxf6+ Nxf6 9. Bd3 cxd4 10. Nxd4 Bc5 11. Nf3 0-0 12. Qe2 Be7 13. 0-0 Qc7 14. Rad1 Rd8 15. Ne5 Bd7 16. Bg3 Qc5 17. a3 a5 18. Nxd7 Rxd7 19. Be5 Rad8 20. g3 Ng4 21. Bf4 Qh5 22. f3 Nf6 23. Kh1 Nd5 24. Qe4 Bf6 25. Bc1 Ne7 26. Qe1 Nc6 27. Qf2 Bd4 28. Qe2 Be5 29. f4 Qxe2 30. Bxe2 Rxd1 31. Rxd1 Rxd1+ 32. Bxd1 Bf6 33. Kg2 Kf8 34. c3 Ke7 35. Kf3 Kd6 36. Ke4 Bd8 37. Be3 b5 38. b4 f5+ 39. Kd3 e5 40. Bc5+ Kd7 41. a4 exf4 42. axb5 Ne5+ 43. Kd4 fxg3 44. hxg3 Ng6 45. bxa5 Bxa5 46. Bf3 Ne7 47. Kc4 Bc7 48. Bf2 g5 49. b6 Bb8 50. Kb5 g4 51. Bb7 f4 52. gxf4 Nf5 53. Bc6+ Ke6 54. c4 h5 55. Bd5+ Kd6 56. Be4 Ke6 57. c5 Bxf4 58. Bxf5+ Kxf5 59. c6 Ke6 60. Ka6 g3 61. Bxg3 Bxg3 62. c7 1-0

[Event "Maotai Prince Cup Queens"]
[White "Tan, Zhongyi"]
[Black "Xu, Yuhua"]
[Site "Jinzhou"]
[Round "5"]
[Result "1/2-1/2"]
[Date "2009.09.22"]
[WhiteElo "2435"]
[BlackElo "2485"]
[PlyCount "146"]
[EventDate "2009.09.17"]
[EventType "tourn"]
[EventRounds "7"]
[EventCountry "CHN"]
[EventCategory "10"]
[SourceTitle "CBM 132 Extra"]
[Source "ChessBase"]
[SourceDate "2009.11.03"]
[SourceVersion "1"]
[SourceVersionDate "2009.11.03"]
[SourceQuality "1"]

1. Nf3 Nf6 2. c4 e6 3. Nc3 Bb4 4. Qc2 b6 5. a3 Bxc3 6. Qxc3 Bb7 7. b4 d6 8. Bb2 Nbd7 9. e3 0-0 10. Be2 c5 11. 0-0 Rc8 12. Rac1 Qe7 13. d3 a6 14. Ba1 d5 15. Qb2 dxc4 16. dxc4 Rfd8 17. Rfd1 Ne8 18. h3 f6 19. Qb1 Bc6 20. b5 axb5 21. cxb5 Bb7 22. Nd2 Nd6 23. Nc4 Nxc4 24. Bxc4 Nf8 25. Qa2 Kf7 26. a4 Rxd1+ 27. Rxd1 Rd8 28. Rxd8 Qxd8 29. Bc3 Qd1+ 30. Kh2 Qd6+ 31. f4 Ng6 32. Qd2 Qxd2 33. Bxd2 Nh4 34. Kg3 Nf5+ 35. Kf2 Nd6 36. Bd3 Bd5 37. a5 c4 38. e4 cxd3 39. exd5 bxa5 40. b6 exd5 41. Bxa5 Ke6 42. Bb4 Kd7 43. Ke3 Nc4+ 44. Kxd3 Nxb6 45. f5 g6 46. g4 gxf5 47. gxf5 Nc4 48. Kd4 Nd6 49. Kxd5 Nxf5 50. Ke4 Ke6 51. Kf4 Ne7 52. Bd2 h5 53. Bc1 Nd5+ 54. Ke4 Nb4 55. Bd2 Nc6 56. Bc1 Ne5 57. Bd2 Nc4 58. Bc1 f5+ 59. Kf4 Kf6 60. Kf3 Ne5+ 61. Kg3 Nd3 62. Bd2 Ke5 63. Kh4 f4 64. Kxh5 f3 65. Be3 Ke4 66. Bg1 Kf4 67. Bh2+ Kf5 68. Bg1 Nf4+ 69. Kh4 Ne2 70. Bb6 Kf4 71. Ba7 Ke4 72. Kg4 Nf4 73. h4 Nd3 1/2-1/2

[Event "Maotai Prince Cup Queens"]
[White "Shen, Yang"]
[Black "Xu, Yuhua"]
[Site "Jinzhou"]
[Round "3"]
[Result "1/2-1/2"]
[Date "2009.09.19"]
[WhiteElo "2453"]
[BlackElo "2485"]
[PlyCount "79"]
[EventDate "2009.09.17"]
[EventType "tourn"]
[EventRounds "7"]
[EventCountry "CHN"]
[EventCategory "10"]
[SourceTitle "CBM 132 Extra"]
[Source "ChessBase"]
[SourceDate "2009.11.03"]
[SourceVersion "1"]
[SourceVersionDate "2009.11.03"]
[SourceQuality "1"]

1. d4 e6 2. c4 Nf6 3. Nc3 Bb4 4. Qc2 0-0 5. a3 Bxc3+ 6. Qxc3 d5 7. Nf3 b6 8. Bg5 dxc4 9. Qxc4 Ba6 10. Qc3 Nbd7 11. Qc6 Rc8 12. Rd1 Nb8 13. Qa4 Qd5 14. Bxf6 gxf6 15. h4 Bc4 16. Qb4 Bb3 17. Rd3 Bc2 18. Rd2 c5 19. Qb5 Be4 20. e3 Bxf3 21. gxf3 Qxf3 22. Rh3 Qf5 23. d5 Kh8 24. Qa4 exd5 25. Rg3 Qb1+ 26. Ke2 Qe4 27. Qxa7 Qe6 28. Bh3 f5 29. Rg5 Nc6 30. Qa4 Ne7 31. Qf4 Rce8 32. Bxf5 Nxf5 33. Qxf5 d4 34. Qxe6 Rxe6 35. Kf3 dxe3 36. fxe3 Rfe8 37. Rd3 Rf6+ 38. Kg3 Rfe6 39. Kf3 Rf6+ 40. Kg3 1/2-1/2

[Event "Maotai Prince Cup Queens"]
[White "Xu, Yuhua"]
[Black "Ruan, Lufei"]
[Site "Jinzhou"]
[Round "2"]
[Result "1/2-1/2"]
[Date "2009.09.18"]
[WhiteElo "2485"]
[BlackElo "2486"]
[PlyCount "80"]
[EventDate "2009.09.17"]
[EventType "tourn"]
[EventRounds "7"]
[EventCountry "CHN"]
[EventCategory "10"]
[SourceTitle "CBM 132 Extra"]
[Source "ChessBase"]
[SourceDate "2009.11.03"]
[SourceVersion "1"]
[SourceVersionDate "2009.11.03"]
[SourceQuality "1"]

1. e4 e5 2. Nf3 Nc6 3. Bb5 a6 4. Ba4 Nf6 5. 0-0 Be7 6. Re1 b5 7. Bb3 d6 8. c3 0-0 9. h3 Bb7 10. d4 Re8 11. Nbd2 Bf8 12. a3 h6 13. Bc2 Nb8 14. b3 Nbd7 15. a4 c6 16. Bd3 Qc7 17. Bb2 g6 18. Qc2 Bg7 19. b4 d5 20. dxe5 dxe4 21. Nxe4 Nxe4 22. Bxe4 Nxe5 23. Nxe5 Bxe5 24. Re2 Re6 25. Rae1 Rae8 26. Bc1 Bg7 27. axb5 cxb5 28. Bxb7 Rxe2 29. Rxe2 Rxe2 30. Qxe2 Qxb7 31. c4 bxc4 32. Qxc4 h5 33. Be3 Bf6 34. Bc5 Qc6 35. Qf4 Qe6 36. g3 Kg7 37. Kg2 Bb2 38. Bd4+ Bxd4 39. Qxd4+ Kh7 40. h4 Qc6+ 1/2-1/2

[Event "CHN-RUS Summit (Women) 6th Blitz"]
[White "Kosintseva, Nadezhda"]
[Black "Xu, Yuhua"]
[Site "Sochi"]
[Round "8"]
[Result "1-0"]
[Date "2009.08.23"]
[WhiteElo "2482"]
[BlackElo "2485"]
[PlyCount "53"]
[EventDate "2009.08.23"]
[EventType "schev (blitz)"]
[EventRounds "10"]
[EventCountry "RUS"]
[SourceTitle "CBM 131 Extra"]
[Source "ChessBase"]
[SourceDate "2009.09.03"]
[SourceVersion "2"]
[SourceVersionDate "2009.09.16"]
[SourceQuality "1"]

1. e4 e6 2. d4 d5 3. Nd2 c5 4. c3 Nc6 5. Ngf3 dxe4 6. Nxe4 cxd4 7. cxd4 Bb4+ 8. Nc3 Nf6 9. Bd3 h6 10. 0-0 0-0 11. a3 Be7 12. Bc2 Re8 13. Bf4 a6 14. Qd3 Bf8 15. Rad1 Ne7 16. Ne5 Bd7 17. Rfe1 Bc6 18. Qh3 Bd5 19. Re3 Qb6 20. b4 Rec8 21. Rg3 Rxc3 22. Rxc3 Nc6 23. Bxh6 Nxd4 24. Be3 Ne2+ 25. Kf1 Qd6 26. Ng4 Ne4 27. Bxe4 1-0

[Event "CHN-RUS Summit (Women) 6th Blitz"]
[White "Kosintseva, Tatiana"]
[Black "Xu, Yuhua"]
[Site "Sochi"]
[Round "7"]
[Result "0-1"]
[Date "2009.08.23"]
[WhiteElo "2539"]
[BlackElo "2485"]
[PlyCount "74"]
[EventDate "2009.08.23"]
[EventType "schev (blitz)"]
[EventRounds "10"]
[EventCountry "RUS"]
[SourceTitle "CBM 131 Extra"]
[Source "ChessBase"]
[SourceDate "2009.09.03"]
[SourceVersion "2"]
[SourceVersionDate "2009.09.16"]
[SourceQuality "1"]

1. e4 e6 2. d4 d5 3. Nc3 Nf6 4. e5 Nfd7 5. f4 c5 6. Nf3 Nc6 7. Be3 cxd4 8. Nxd4 Bc5 9. Qd2 0-0 10. 0-0-0 a6 11. Nb3 Bb4 12. Bd3 b5 13. g4 Na5 14. Bd4 Nc4 15. Qf2 Rb8 16. g5 Re8 17. Qh4 Nf8 18. Rhg1 g6 19. Qf2 a5 20. h4 a4 21. Nd2 a3 22. b3 Nb2 23. Rdf1 Qc7 24. Ndb1 Bxc3 25. Nxc3 Nxd3+ 26. cxd3 b4 27. Bc5 bxc3 28. Bd6 Qb6 29. Bxb8 Qxb8 30. h5 Ba6 31. Rg3 c2 32. hxg6 fxg6 33. Qd4 Rc8 34. f5 gxf5 35. Rh1 Ng6 36. Re3 Qc7 37. Reh3 Qxe5 0-1

[Event "CHN-RUS Summit (Women) 6th Blitz"]
[White "Nechaeva, Marina"]
[Black "Xu, Yuhua"]
[Site "Sochi"]
[Round "5"]
[Result "0-1"]
[Date "2009.08.23"]
[WhiteElo "2226"]
[BlackElo "2485"]
[PlyCount "60"]
[EventDate "2009.08.23"]
[EventType "schev (blitz)"]
[EventRounds "10"]
[EventCountry "RUS"]
[SourceTitle "CBM 131 Extra"]
[Source "ChessBase"]
[SourceDate "2009.09.03"]
[SourceVersion "2"]
[SourceVersionDate "2009.09.16"]
[SourceQuality "1"]

1. d4 e6 2. c4 Nf6 3. Nc3 Bb4 4. Nf3 b6 5. Bg5 Bb7 6. Nd2 h6 7. Bh4 Be7 8. e4 d6 9. Bg3 0-0 10. Bd3 Nxe4 11. Bxe4 Bxe4 12. Ndxe4 f5 13. Nd2 f4 14. Qe2 fxg3 15. hxg3 Qd7 16. 0-0-0 Nc6 17. Nf3 Rae8 18. g4 Rf4 19. g5 Bxg5 20. Nxg5 hxg5 21. d5 exd5 22. Qh5 dxc4 23. Qh7+ Kf7 24. Nd5 Rf5 25. Ne3 Rf4 26. g4 Qe6 27. Nf5 Qg6 28. Qh3 Ne7 29. Ng3 c3 30. bxc3 Rf3 0-1

[Event "CHN-RUS Summit (Women) 6th Blitz"]
[White "Xu, Yuhua"]
[Black "Kosintseva, Nadezhda"]
[Site "Sochi"]
[Round "3"]
[Result "1-0"]
[Date "2009.08.23"]
[WhiteElo "2485"]
[BlackElo "2482"]
[PlyCount "89"]
[EventDate "2009.08.23"]
[EventType "schev (blitz)"]
[EventRounds "10"]
[EventCountry "RUS"]
[SourceTitle "CBM 131 Extra"]
[Source "ChessBase"]
[SourceDate "2009.09.03"]
[SourceVersion "2"]
[SourceVersionDate "2009.09.16"]
[SourceQuality "1"]

1. e4 c5 2. Nf3 g6 3. d4 Bg7 4. c3 cxd4 5. cxd4 d5 6. e5 Nc6 7. Bb5 Bg4 8. Bxc6+ bxc6 9. h3 Bxf3 10. Qxf3 e6 11. 0-0 Ne7 12. Bg5 0-0 13. Rc1 Rc8 14. Nd2 c5 15. Nb3 c4 16. Nc5 h6 17. Be3 Nf5 18. b3 cxb3 19. axb3 Qe7 20. Ra5 Rc7 21. Rca1 Rfc8 22. b4 Bf8 23. Qe2 Rb8 24. R1a4 Nxe3 25. Qxe3 Qe8 26. Na6 Rcb7 27. Nxb8 Qxb8 28. b5 Qc7 29. Ra1 Kh7 30. Kh2 Be7 31. R5a4 Bg5 32. f4 Be7 33. Rc1 Qd7 34. Rb1 Qc7 35. Qc1 Qd8 36. Ra6 Rc7 37. Rc6 Rb7 38. Qc2 Qa5 39. Ra6 Qd8 40. Rc1 Rxb5 41. Rxa7 Kg7 42. Qc7 Qxc7 43. Rcxc7 Bb4 44. Rxf7+ Kg8 45. Rg7+ 1-0

[Event "CHN-RUS Summit (Women) 6th Blitz"]
[White "Xu, Yuhua"]
[Black "Kosintseva, Tatiana"]
[Site "Sochi"]
[Round "2"]
[Result "0-1"]
[Date "2009.08.23"]
[WhiteElo "2485"]
[BlackElo "2539"]
[PlyCount "66"]
[EventDate "2009.08.23"]
[EventType "schev (blitz)"]
[EventRounds "10"]
[EventCountry "RUS"]
[SourceTitle "CBM 131 Extra"]
[Source "ChessBase"]
[SourceDate "2009.09.03"]
[SourceVersion "2"]
[SourceVersionDate "2009.09.16"]
[SourceQuality "1"]

1. e4 e5 2. Nf3 Nc6 3. Bc4 Bc5 4. c3 Nf6 5. d3 a6 6. 0-0 d6 7. Bb3 Ba7 8. h3 h6 9. Be3 0-0 10. Nbd2 d5 11. Bxa7 Rxa7 12. Re1 dxe4 13. dxe4 Ra8 14. Nf1 Qe7 15. Ne3 Rd8 16. Nd5 Qd6 17. Qe2 Ne7 18. Rad1 Nexd5 19. Bxd5 Qe7 20. Qc4 Rd6 21. Qc5 b6 22. Qa3 Ra7 23. Bc6 Nd7 24. Rxd6 cxd6 25. Rd1 Nc5 26. b4 Ne6 27. c4 Rc7 28. Bd5 Nf4 29. Qb3 Qf6 30. Kh2 Qg6 31. Ne1 Be6 32. Bxe6 Qxe6 33. Rc1 Ne2 0-1

[Event "CHN-RUS Summit (Women) 6th Blitz"]
[White "Xu, Yuhua"]
[Black "Nechaeva, Marina"]
[Site "Sochi"]
[Round "10"]
[Result "1-0"]
[Date "2009.08.23"]
[WhiteElo "2485"]
[BlackElo "2226"]
[PlyCount "74"]
[EventDate "2009.08.23"]
[EventType "schev (blitz)"]
[EventRounds "10"]
[EventCountry "RUS"]
[SourceTitle "CBM 131 Extra"]
[Source "ChessBase"]
[SourceDate "2009.09.03"]
[SourceVersion "2"]
[SourceVersionDate "2009.09.16"]
[SourceQuality "1"]

1. e4 c5 2. Nf3 d6 3. Bb5+ Nc6 4. 0-0 Bd7 5. Re1 Nf6 6. c3 a6 7. Ba4 b5 8. Bc2 e5 9. h3 Be7 10. d4 0-0 11. d5 Na5 12. b3 c4 13. b4 Nb7 14. a4 a5 15. axb5 axb4 16. Rxa8 Qxa8 17. cxb4 Bxb5 18. Nc3 Bd7 19. Be3 Qa3 20. Qd2 Ra8 21. Rb1 Nd8 22. Qc1 Qa6 23. Qb2 Nh5 24. Kh2 Nf4 25. Qc1 Nd3 26. Qd2 f5 27. Bxd3 cxd3 28. b5 Qc8 29. Qxd3 fxe4 30. Nxe4 Bf5 31. Nfd2 Nb7 32. Qe2 Ra4 33. f3 Ra2 34. Qf1 Qa8 35. Rc1 h6 36. Qc4 Ra4 37. Qc6 Ra2 1-0

[Event "CHN-RUS Summit (Women) 6th Blitz"]
[White "Xu, Yuhua"]
[Black "Tairova, Elena"]
[Site "Sochi"]
[Round "9"]
[Result "1-0"]
[Date "2009.08.23"]
[WhiteElo "2485"]
[BlackElo "2450"]
[PlyCount "49"]
[EventDate "2009.08.23"]
[EventType "schev (blitz)"]
[EventRounds "10"]
[EventCountry "RUS"]
[SourceTitle "CBM 131 Extra"]
[Source "ChessBase"]
[SourceDate "2009.09.03"]
[SourceVersion "2"]
[SourceVersionDate "2009.09.16"]
[SourceQuality "1"]

1. e4 c5 2. Nf3 d6 3. Bb5+ Nc6 4. 0-0 Bd7 5. Re1 a6 6. Bxc6 Bxc6 7. d4 cxd4 8. Nxd4 e5 9. Nxc6 bxc6 10. c4 Nf6 11. Nc3 Be7 12. h3 0-0 13. Be3 Rb8 14. Qd2 Nd7 15. b3 Kh8 16. Rad1 Qe8 17. Ne2 Rd8 18. Ng3 g6 19. Bh6 Rg8 20. Qa5 f5 21. f4 Nc5 22. fxe5 Bh4 23. exd6 Nxe4 24. Rxe4 fxe4 25. Qc3+ 1-0

[Event "CHN-RUS Summit (Women) 6th Rapid"]
[White "Tairova, Elena"]
[Black "Xu, Yuhua"]
[Site "Sochi"]
[Round "9"]
[Result "0-1"]
[Date "2009.08.22"]
[WhiteElo "2450"]
[BlackElo "2485"]
[PlyCount "72"]
[EventDate "2009.08.21"]
[EventType "schev (rapid)"]
[EventRounds "10"]
[EventCountry "RUS"]
[SourceTitle "CBM 131 Extra"]
[Source "ChessBase"]
[SourceDate "2009.09.03"]
[SourceVersion "2"]
[SourceVersionDate "2009.09.16"]
[SourceQuality "1"]

1. e4 e6 2. d4 d5 3. Nc3 dxe4 4. Nxe4 Nd7 5. Nf3 Ngf6 6. Nxf6+ Nxf6 7. c3 c5 8. Ne5 a6 9. Be3 Qc7 10. Qa4+ Bd7 11. Nxd7 Qxd7 12. Qxd7+ Nxd7 13. 0-0-0 cxd4 14. Bxd4 Rc8 15. Be2 Bc5 16. Bxg7 Rg8 17. Bd4 Bxd4 18. Rxd4 Rxg2 19. Bf3 Rxf2 20. Bxb7 Rb8 21. Bc6 Rbxb2 22. Rxd7 Kf8 23. Be4 Rxa2 24. h4 Ra3 25. Rc7 a5 26. Rb7 Rxc3+ 27. Kb1 h5 28. Rb2 Rf4 29. Bg2 Rcc4 30. Rd1 Rxh4 31. Rd8+ Kg7 32. Rbb8 Kf6 33. Rd7 Rh2 34. Rb2 Rf4 35. Rd3 h4 36. Kc1 Rg4 0-1

[Event "CHN-RUS Summit (Women) 6th Rapid"]
[White "Kosintseva, Nadezhda"]
[Black "Xu, Yuhua"]
[Site "Sochi"]
[Round "3"]
[Result "1/2-1/2"]
[Date "2009.08.21"]
[WhiteElo "2482"]
[BlackElo "2485"]
[PlyCount "104"]
[EventDate "2009.08.21"]
[EventType "schev (rapid)"]
[EventRounds "10"]
[EventCountry "RUS"]
[SourceTitle "CBM 131 Extra"]
[Source "ChessBase"]
[SourceDate "2009.09.03"]
[SourceVersion "2"]
[SourceVersionDate "2009.09.16"]
[SourceQuality "1"]

1. e4 e6 2. d4 d5 3. Nc3 Nf6 4. e5 Nfd7 5. f4 c5 6. Nf3 Nc6 7. Be3 Be7 8. Qd2 0-0 9. Be2 a6 10. 0-0 b5 11. a3 Qb6 12. Nd1 a5 13. Nf2 Ba6 14. c3 b4 15. axb4 Bxe2 16. Qxe2 axb4 17. g4 cxd4 18. cxd4 b3 19. f5 Nb4 20. fxe6 fxe6 21. Rxa8 Rxa8 22. Bd2 Nc2 23. Bc3 Nb8 24. Nh3 Nc6 25. Qd3 Qa6 26. Qd2 Rf8 27. Rf2 Qb6 28. Kg2 Na7 29. Qd3 Qb5 30. Qd2 Qc6 31. Ne1 Rxf2+ 32. Nxf2 Nxe1+ 33. Qxe1 Nb5 34. Bb4 Bxb4 35. Qxb4 Kf7 36. Qxb3 Nxd4 37. Qd3 Nc2 38. Qxh7 Ne1+ 39. Kf1 Qc1 40. Ke2 Ng2 41. Kf3 Ne1+ 42. Ke2 Ng2 43. Kf3 Ne1+ 44. Ke2 Ng2 45. Kf3 Ne1+ 46. Ke2 Ng2 47. Kf3 Ne1+ 48. Ke2 Ng2 49. Kf3 Ne1+ 50. Ke2 Ng2 51. Kf3 Ne1+ 52. Ke2 Ng2 1/2-1/2